000 00817nam a2200181Ia 4500
008 151202s9999||||xx |||||||||||||| ||und||
082 _bPNVM-66318
100 _aकुलकर्णी मृणाल /संस्करण- देसाई जयश्री
245 _aमेकअप उतरवल्यावर.
260 _b"समकालीन प्रकाशन, पुणे."
260 _c2008
300 _a96
600 _aकुलकर्णी मृणाल /संस्करण- देसाई जयश्री
630 _aमेकअप उतरवल्यावर.
700 _aकुलकर्णी मृणाल /संस्करण- देसाई जयश्री
730 _aमेकअप उतरवल्यावर.
942 _cBOOK
999 _c1332850
_d1332847